00826nam a2200205 i 4500003000900000005001700009007000300026008004100029040003000070082002400100245022100124264007300345300002500418336002700443337003300470338002800503610003500531650004100566650001300607DO-SdBNP20250318094710.0ta250318t1937 dr 000 0 spa d aDO-SdBNPbspacBNPHUerda a366.17293bL78222200aLiturgia del grado de past-master :breformada por resp. Gran Logia Nacional Dominicana, para uso de las Logias de libres y aceptados Masones del Rito Escocés Antiguo y aceptado del Oriente Dominicano. año 1928 / aCiudad Trujillo. República Dominicana :bTip. La Estrella, c1937. a20 páginasc22 cm. atextobtxt2rdacontent asin mediaciónbn2rdamedia avolumenbnc2rdacarrier aGran Logia Nacional Dominicana 0aMasonería xRepública Dominicana 0aLiturgia